000 00614nam a2200265Ia 4500
005 20260306164026.0
008 008 260114s9999 xx 000 0 eng d
020 _a9780804786324
037 _aEBOOK
040 _aCRL
040 _beng
040 _cCRL
041 _2eng
041 _aeng
084 _qCRL
100 _aCorley, Steigerwalt, Ward
_91129851
245 4 _aThe Puzzle Of Unanimity
260 _bStanford University Press
260 _c2013
650 _aLaw
856 _uhttps://academic.oup.com/book/29644
942 _cEBOOK
999 _c1712450
_d1712450